Statistiques concernant Culture Générale - Série 02

Cliquez ici pour prendre le quiz!

Statistiques générales

  • Ce quiz a été pris 8 598 fois
  • Le résultat moyen est 5 sur 10

Statistiques - réponses

QuestionRéponse% Correct
Dans quel pays la Garonne prend-elle sa source ?Espagne
81%
De quel pays Doha est-elle la capitale ?Qatar
79%
Dans quel pays eut lieu la bataille de Marignan ?Italie
72%
En quelle année eut lieu cette bataille ?1515
68%
Dans quelle ville russe trouve-t-on le musée de l'Ermitage ?Saint Petersbourg
63%
Dans quelle ville se trouve le siège de l'UNESCO ?Paris
49%
Quelle est la nationalité du réalisateur de cinéma Pedro Almodovar ?Espagnole
42%
Qui a composé l'opéra "Nabucco"Verdi
26%
Qui a écrit "Lorenzaccio"?Musset
19%
Qui a écrit le roman "L'espoir" ?Malraux
9%

Distribution des résultats

Percentile par nombre de réponses

% des personnes avec chaque résultat

Votre développement - résultats

Vous n’avez pas pris ce quiz